000 00814nam0a22002531 4500
001 rc\387433
005 20250621065421.0
010 _a5-505-00461-X
_93000
035 _a(NLR Aleph) 005637542
090 _a6633539
_c6633539
100 _a20030616d1989 |||y0rusy50 ca
101 0 _arus
102 _aRU
105 _ay |||||||||
200 1 _aОсновы содержания и методики обучения немецкому языку в грузинской школе
210 _aТбилиси
_cГанатлеба
_d1989
215 _a118, [1] с.
_d20
320 _aБиблиогр.: с. 115-118
700 1 _aШатиришвили
_bШ.И.
_gШота Иродионович
801 0 _aRU
_bNLR
_gpsbo
801 1 _aRU
_bELAR
_2rusmarc
852 _aNLR
_j89-3/16591
942 _cBOOK
980 _aNB